000 00436nam a2200133 a 4500
008 120416s1979 xx |||||||||||||| || u
050 _aSB 959 Mel
100 _aMellanby, Kenneth
245 1 0 _aPesticides and pollution
250 _a2nd ed.
260 _c1979
350 _a0.00
995 _D0.00
_FCBU-MAIN LIBRARY (Kitwe)
_H1
_I7.80
_M1
_UAVAILABLE
_ZAnnex Low-Usage Collection
999 _c53442
_d53442